Practical Statistics For Data Scientists (Record no. 352621)

MARC details
000 -LEADER
fixed length control field 00539nam a2200181Ia 4500
008 - FIXED-LENGTH DATA ELEMENTS--GENERAL INFORMATION
fixed length control field 230718s9999 xx 000 0 und d
020 ## - INTERNATIONAL STANDARD BOOK NUMBER
International Standard Book Number 9788194435006
041 ## - LANGUAGE CODE
Language code of text/sound track or separate title eng
082 ## - DEWEY DECIMAL CLASSIFICATION NUMBER
Classification number 001.422
Item number BRU
100 ## - MAIN ENTRY--PERSONAL NAME
Personal name Bruce P.
9 (RLIN) 200713
245 ## - TITLE STATEMENT
Title Practical Statistics For Data Scientists
Remainder of title 50+Essential Concepts Using R And Python
250 ## - EDITION STATEMENT
Edition statement 2nd ed
260 ## - PUBLICATION, DISTRIBUTION, ETC. (IMPRINT)
Date of publication, distribution, etc. 2020
Name of publisher, distributor, etc. O'Reilly/SPD
300 ## - PHYSICAL DESCRIPTION
Extent 342
365 ## - TRADE PRICE
Currency code Rs.
Price amount 1475.00
700 ## - ADDED ENTRY--PERSONAL NAME
Personal name Bruce P.; Bruce A. & Gedeck P.
906 ## - LOCAL DATA ELEMENT F, LDF (RLIN)
d O:0751919-Sep-2022B:1169312-Sep-2022
c TE
b 1475
Holdings
Withdrawn status Lost status Damaged status Not for loan Home library Current library Date acquired Vendor Budget Code Cost, normal purchase price Bill number Total Checkouts Full call number Barcode Date last seen Discount Cost, replacement price Bill Date Koha item type Original Barcode
        Cummins College of Engineering for Women Pune Cummins College of Engineering for Women Pune 19/09/2022 The Forward Books TE 1106.25 11693   001.422 CCEP-BK-63832 18/07/2023 1475 1475.00 12/09/2022 Books 063832